000 00799nam a2200253Ia 4500
003 OSt
005 20220923222953.0
006 a|||||r|||| 00| 0
007 ta
008 220922b |||||||| |||| 00| 0 hin d
024 _a209,330
037 _cTextual
040 _aARTS
_cARTS
_bhin
041 _2hin
_ahin
082 _aO152,3:gN7, M3;P2
100 _aविजयमोहन सिंह
245 0 _aआज की कहानी
246 _aĀj kī kahānī
260 _aनई दिल्ली
_b राधाकृष्ण प्रका0
_c1983
300 _a155पृ.
_ccm.
650 _aहिन्दी साहित्य
_9156264
942 _hO152,3:gN7, M3;P2
_cTEXL
_2CC
999 _c359903
_d359903